Chansons françaises par paroles commençant par V - Statistiques

Statistiques générales
  • Ce quiz a été pris 93 fois
  • Le résultat moyen est 9 sur 20
Statistiques - réponses
Hint Réponse % Correct
Il me dit des mots d’amour
Des mots de tous les jours
Et ça m’fait quelque chose
Il est entré dans mon cœur
Une part de bonheur
Dont je connais la cause
C’est lui pour moi
Moi pour lui
Dans la vie
La {vie en rose}
91%
T'as voulu voir Honfleur et on a vu Honfleur T'as voulu voir Hambourg et on a vu Hambourg J'ai voulu voir Anvers on a revu Hambourg J'ai voulu voir ta sœur et on a vu ta mère Comme toujours Vesoul
81%
Maintenant que deviennent
Que deviennent les ________
Dis-moi qu'est-ce que t'as fait
Pendant ces années
Si les mots sont les mêmes
Dis-moi si tu m'aimes
Les {valses de Vienne}
72%
Allez ________
Y a du blanc y a du rouge du saucisson
Et Gilou avec son p’tit accordéon
Vive les bouteilles et les copains et les chansons
Viens boire un p'tit coup à la maison
70%
De nuages en marécages
De vent d'Espagne en pluie d'Équateur
________
Vole dans les hauteurs
Au-d'ssus des capitales
Des idées fatales
Regarde l'océan
Voyage voyage
70%
________ rappelle-toi Que je ne suis rien sans toi ________ si tu m'oublies Je serai pour la vie Seul au monde Au mon-mon-mon-mon-mon-de Vanina
51%
Je vis pour elle depuis toujours Qu'elle me déchire ou qu'elle soit tendre Elle me dessine après l'amour Un arc-en-ciel dans notre chambre Elle est musique et certains jours Quand notre cœur se fait trop lourd Elle est la seule à pouvoir nous porter secours Vivo per lei
51%
Des gens qui cherchent la lumière En pleine nuit Des gens qui courent après l'amour Et qui le fuient Des bras qui se lèvent pour un dieu Qu'ils ne voient pas Vivre pour le meilleur
46%
Sur le long chemin Tout blanc de neige blanche Un vieux monsieur s'avance Avec sa canne dans la main Et tout là-haut le vent Qui siffle dans les branches Lui souffle la romance Qu'il chantait petit enfant Vive le vent
45%
Parlez-leur de cette fille aux yeux noirs Et de son rêve fou Moi c'que j'veux c'est écrire des histoires Qui arrivent jusqu'à vous C'est tout Voilà
45%
Je chante Dans le port de ________ Je chante Sur des souvenirs amers Et je danse je danse C'est bien Je n'vois jamais le matin Et c'est bien Vancouver
36%
Heure Sonne matin Pleure chagrin Et repasse le film humide Du passé Dans les yeux Oh court bien trop court Notre amour Et les appels au secours Savent qu'un sourd n'entend pas ce qu'il veut Vivre ou survivre
36%
J'ai crevé l'oreiller J'ai dû rêver trop fort Ça m'prend les jours fériés Quand Gisèle clape dehors J'aurais pas dû ouvrir À la rouquine carmélite Vertige de l'amour
31%
S'en aller au matin
Boire un dernier Martini
Et aller prendre un bain
Sur une plage à Capri
Voir sur ta peau le soleil se lever
À la Madone envoyer des baisers
Voyage en Italie
30%
Je vais tenir mes rêves au chaud Et le champagne au froid Car je t'aime Et n'oublie pas les 18 mois De Nicolas Voici les clés
27%
Bonheurs enfantins Trop vite oubliés effacés Une lumière dorée brille sans fin Tout au bout du chemin Vois sur ton chemin
27%
Derrière le miroir de l'autre côté J'ai tellement fermé les yeux J'ai tellement rêvé Que j'y suis arrivée Viens je t'emmène
23%
Ne plus pleurer Rester là À se demander pourquoi N’exister que pour toi T’aimer jusqu’au dernier combat Ville de lumière
20%
Mais tu dis (mais tu dis)
Que le bonheur est irréductible
Et je dis (et il dit)
Que ton espoir n'est pas si désespéré
A condition d'analyser
Que l'absolu ne doit pas être annihilé
Vice et Versa
15%
J'fais mon numéro D'habitude, j'me prends pas la tête Là, c'est foutu d'avance On arrête, on commence Je sais plus c'que j'fais, mmh Viens on essaie
4%
Aucun quiz correspondant
Distribution des résultats
% des personnes avec chaque résultat
Percentile par nombre de réponses
Votre historique - résultats
Vous n’avez pas pris ce quiz